Obras completas / (Record no. 27170)

MARC details
000 -LEADER
campo de control de longitud fija 01123nam a2200229 i 4500
001 - NÚMERO DE CONTROL
campo de control 27170
003 - IDENTIFICADOR DE NÚMERO DE CONTROL
campo de control ES-MaACL
005 - FECHA Y HORA DE LA ÚLTIMA TRANSACCIÓN
campo de control 20250731034202.0
008 - DATOS DE LONGITUD FIJA--INFORMACIÓN GENERAL
campo de control de longitud fija 030113m19661968mx |||| | spa d
100 1# - ENTRADA PRINCIPAL--NOMBRE DE PERSONA
Nombre de persona Azaña, Manuel,
Fechas asociadas al nombre 1880-1940
9 (RLIN) 24223
245 10 - MENCIÓN DEL TÍTULO
Título Obras completas /
Mención de responsabilidad, etc. Manuel Azaña ; [compilación, prefacio, prólogo y bibliografía Juan Marichal].
250 ## - MENCION DE EDICION
Mención de edición 1ª ed.
260 ## - PUBLICACIÓN, DISTRIBUCIÓN, ETC.
Lugar de publicación, distribución, etc. México :
Nombre del editor, distribuidor, etc. Oasis,
Fecha de publicación, distribución, etc. 1966-1968.
300 ## - DESCRIPCIÓN FÍSICA
Extensión 4 v. ;
Dimensiones 24 cm.
500 ## - NOTA GENERAL
Nota general Ver las conferencias digitalizadas de esta obra.
505 8# - NOTA DE CONTENIDO CON FORMATO
Nota de contenido con formato Contiene: 1. Escritos juveniles ; De historia y política francesa y española ; Creación literaria - 2. Una política ; En el poder y en la oposición - 3. La recuperación del ideal republicano ; La guerra de España y su significado ; Textos misceláneos ; Escritos juveniles y cartas familiares ; Diarios íntimos y cuadernillos de apuntes - 4. Memorias políticas y de guerra
505 8# - NOTA DE CONTENIDO CON FORMATO
Nota de contenido con formato En v. 1: El Ateneo
610 24 - PUNTO DE ACCESO ADICIONAL DE MATERIA--NOMBRE DE ENTIDAD CORPORATIVA
Nombre de entidad corporativa o nombre de jurisdicción como elemento de entrada Ateneo de Madrid-
Subdivisión de forma Historia-
-- Relatos personales
9 (RLIN) 1926
700 1# - ENTRADA AGREGADA--NOMBRE PERSONAL
Nombre de persona Marichal, Juan.
9 (RLIN) 76700
852 ## - LOCALIZACIÓN
Ubicación ES-MaACL
Número de control de estantería E-6477-80
Holdings
Estatus retirado Estado de pérdida Estado de daño No para préstamo Colección Biblioteca de origen Biblioteca actual Ubicación en estantería Fecha de adquisición Fuente de adquisición Total de préstamos Signatura topográfica completa Código de barras Visto por última vez Precio de reemplazo Tipo de ítem Koha
        Fondo Ateneo de Madrid Biblioteca del Ateneo de Madrid Biblioteca del Ateneo de Madrid Depósito 2 17/01/2008     E-6477-80 1028042 23/02/2023 23/02/2023 Libro impreso